000 00802cam a22002413a 4500
001 25894
003 PGUSA
005 20140828083545.0
008 080624s2008||||xxu|||||s|||||000 | eng d
040 _aPGUSA
_beng
042 _adc
050 4 _aE456
100 1 _aWalker, James,
_d1794-1874
245 1 4 _aThe Spirit Proper to the Times :
_bA Sermon preached in King's Chapel, Boston, Sunday, May 12, 1861
_h[electronic resource] /
_cJames Walker
260 _bProject Gutenberg,
_c2008
506 _aPublic domain in the USA.
516 _aElectronic text
653 _aUnited States -- History -- Civil War, 1861-1865 -- Sermons
653 _aUnitarian Universalist churches -- Sermons
830 0 _aProject Gutenberg
_v25894
856 4 0 _uhttp://www.gutenberg.org/ebooks/25894
942 _cEB
999 _c255149
_d255149